00565 2200217 4500001002100000005001500021035002000036245007400056100001300130250000600143300003300149700002200182260003100204082001000235084001600245020002200261650001300283990001700296990001700313990001700330INLIS00000000000036020181010040658 a0010-10180000501 aPerairan di Permukaan Bumi /cSema Gul; Penerjemah, Astri K. Cil, S.S0 aSema Gul a- a32 hlm. :bilus. ;c28,5 cm.0 aAstri K. Cil, S.S aBogor :bYudhistira,c2007 a577.6 a577.6 SEM p a978-979-019-018-4 aPerairan a01434/P/2018 a01435/P/2018 a01436/P/2018